[Event "Niedersachsen-ch op-B"]
[Site "Verden"]
[Date "2014.01.02"]
[Round "1"]
[White "Kienel, Michael"]
[Black "Kiesel, Lucas"]
[Result "1-0"]
[WhiteElo "1672"]
[BlackElo "1312"]
[PlyCount "121"]
[EventDate "2014.01.02"]
[EventType "swiss"]
[EventRounds "7"]
[EventCountry "GER"]
[SourceTitle "EXT 2016"]
[Source "ChessBase"]
[SourceDate "2015.10.08"]
[SourceVersion "1"]
[SourceVersionDate "2015.10.08"]
[SourceQuality "1"]

1. e4 d6 2. d4 Nf6 3. Nc3 g6 4. Nf3 Bg7 5. h3 0-0 6. Be3 c6 7. Be2 Qc7 8. Qd2 e5 9. Bh6 b5 10. a3 Nbd7 11. 0-0 a6 12. Bxg7 Kxg7 13. dxe5 dxe5 14. Rad1 Nc5 15. Qe3 Ne6 16. Rd2 c5 17. Nd5 Nxd5 18. exd5 Nd4 19. c3 Nxf3+ 20. Bxf3 Qd6 21. Re1 Re8 22. b3 e4 23. Be2 f5 24. c4 Bd7 25. Rc2 Rac8 26. Rec1 f4 27. Qc3+ Kg8 28. cxb5 axb5 29. Qd2 e3 30. fxe3 fxe3 31. Qd1 Bxh3 32. Bxb5 e2 33. Rxe2 Rxe2 34. Qxe2 Bf5 35. Bc6 Bd7 36. Bxd7 Qxd7 37. Qe6+ Qxe6 38. dxe6 Rc6 39. Re1 Rc8 40. Kf2 Rb8 41. Re3 Kf8 42. Kg3 Ke7 43. Kf4 h6 44. Ke5 Rf8 45. Kd5 Rf2 46. g3 Rc2 47. a4 h5 48. Kc6 c4 49. b4 Rb2 50. b5 Rb3 51. Re4 Rxg3 52. b6 c3 53. b7 c2 54. Rc4 Rb3 55. Kc7 g5 56. b8Q Rxb8 57. Kxb8 h4 58. Rxc2 g4 59. Rc4 h3 60. Rxg4 h2 61. Rh4 1-0

[Event "Niedersachsen-ch op-B"]
[Site "Verden"]
[Date "2014.01.02"]
[Round "2"]
[White "Polster, Christian"]
[Black "Kienel, Michael"]
[Result "1-0"]
[WhiteElo "1753"]
[BlackElo "1672"]
[PlyCount "69"]
[EventDate "2014.01.02"]
[EventType "swiss"]
[EventRounds "7"]
[EventCountry "GER"]
[SourceTitle "EXT 2016"]
[Source "ChessBase"]
[SourceDate "2015.10.08"]
[SourceVersion "1"]
[SourceVersionDate "2015.10.08"]
[SourceQuality "1"]

1. e4 e5 2. Nf3 Nc6 3. Bb5 Nf6 4. 0-0 a6 5. Bxc6 dxc6 6. Nxe5 Nxe4 7. Re1 Qd5 8. d3 Nf6 9. Nc3 Qc5 10. Na4 Qe7 11. Nxc6 bxc6 12. Rxe7+ Bxe7 13. Bf4 Nd5 14. Bg3 Bd6 15. Bxd6 cxd6 16. c4 Nf6 17. Nb6 Rb8 18. Nxc8 Rxc8 19. Qa4 0-0 20. Qxa6 d5 21. Qa5 Rfe8 22. Kf1 dxc4 23. dxc4 h6 24. Re1 Red8 25. Qc3 c5 26. a3 Rd4 27. b4 Ne4 28. Qxd4 cxd4 29. Rxe4 Rxc4 30. Re8+ Kh7 31. b5 d3 32. Ke1 Ra4 33. b6 d2+ 34. Kd1 Rxa3 35. b7 1-0

[Event "Hessen-chB"]
[Site "Korbach"]
[Date "2013.03.29"]
[Round "4"]
[White "Kienel, Michael"]
[Black "Fehling, Janek"]
[Result "1-0"]
[WhiteElo "1497"]
[BlackElo "995"]
[PlyCount "59"]
[EventDate "2013.03.27"]
[EventType "swiss"]
[EventRounds "7"]
[EventCountry "GER"]
[SourceTitle "EXT 2014"]
[Source "ChessBase"]
[SourceDate "2013.11.20"]
[SourceVersion "1"]
[SourceVersionDate "2013.11.20"]
[SourceQuality "1"]

1. e4 e5 2. Nf3 Nc6 3. Bb5 a6 4. Ba4 b5 5. Bb3 Nf6 6. d3 h6 7. 0-0 Bc5 8. c3 d6 9. h3 0-0 10. d4 Bb6 11. Re1 Bb7 12. Bc2 Re8 13. Be3 Ba7 14. Nbd2 d5 15. Nxe5 Nxe5 16. dxe5 Rxe5 17. Bxa7 Rxa7 18. Nf3 Re8 19. e5 Nd7 20. Qd3 g6 21. e6 Rxe6 22. Rxe6 Nc5 23. Qd4 fxe6 24. Qxc5 Ra8 25. Bxg6 c6 26. Qe3 Qf8 27. Qxe6+ Kg7 28. Bh5 Kh7 29. Qg6+ Kh8 30. Ne5 1-0

[Event "Niedersachsen-ch op-C"]
[Site "Verden"]
[Date "2013.01.05"]
[Round "6"]
[White "Lau, Theodor"]
[Black "Kienel, Michael"]
[Result "0-1"]
[WhiteElo "1315"]
[BlackElo "1456"]
[PlyCount "54"]
[EventDate "2013.01.03"]
[EventType "swiss"]
[EventRounds "7"]
[EventCountry "GER"]
[SourceTitle "EXT 2021"]
[Source "ChessBase"]
[SourceDate "2020.10.23"]
[SourceVersion "1"]
[SourceVersionDate "2020.10.23"]
[SourceQuality "1"]

1. e4 e5 2. Nf3 Nc6 3. Bc4 Nf6 4. Nc3 Bc5 5. d3 d6 6. Be3 Bb6 7. 0-0 Bg4 8. Bb5 0-0 9. Bxc6 bxc6 10. Bg5 Rb8 11. Rb1 a6 12. a3 h6 13. Bh4 g5 14. Bg3 Nh5 15. Kh1 Qf6 16. h3 Bd7 17. Bh2 g4 18. Ng1 Qg6 19. Nge2 Kh7 20. h4 f5 21. f3 Rg8 22. g3 f4 23. Bg1 fxg3 24. Bxb6 cxb6 25. f4 Qf6 26. Kg2 exf4 27. Ng1 Qxh4 0-1

[Event "Niedersachsen-ch op-C"]
[Site "Verden"]
[Date "2013.01.03"]
[Round "2"]
[White "Wurdig, Georg"]
[Black "Kienel, Michael"]
[Result "0-1"]
[WhiteElo "1677"]
[BlackElo "1456"]
[PlyCount "60"]
[EventDate "2013.01.03"]
[EventType "swiss"]
[EventRounds "7"]
[EventCountry "GER"]
[SourceTitle "EXT 2021"]
[Source "ChessBase"]
[SourceDate "2020.10.23"]
[SourceVersion "1"]
[SourceVersionDate "2020.10.23"]
[SourceQuality "1"]

1. d4 d5 2. Nf3 Nf6 3. c4 dxc4 4. Qa4+ Nbd7 5. Nc3 a6 6. Bf4 c6 7. Qxc4 Nb6 8. Qb3 Nbd5 9. Be5 e6 10. e3 Bd6 11. Bd3 0-0 12. 0-0 Bxe5 13. Nxe5 Nd7 14. Nc4 b5 15. Nd2 c5 16. Qd1 Bb7 17. Qh5 N7f6 18. Qh4 Rc8 19. Rac1 Re8 20. Nf3 Nxc3 21. bxc3 Bxf3 22. gxf3 cxd4 23. cxd4 Qd5 24. Bb1 Qxf3 25. Rc2 Rxc2 26. Bxc2 Rc8 27. Bd1 Qd5 28. Bb3 Qf5 29. f3 Qd3 30. Qe1 Rc3 0-1